| 000 | 00833nam a2200205 a 4500 | ||
|---|---|---|---|
| 001 | 000041464 | ||
| 005 | 20201002034919.0 | ||
| 008 | 131007s1998 sp 000 0 spa d | ||
| 020 | _a8400077474 | ||
| 040 |
_aDO-SdBNP _bspa _cBNPHU |
||
| 082 |
_axxx _bS165e |
||
| 100 | 1 |
_aSalicrú i Lluch, Roser. _968142 |
|
| 245 | 1 | 0 |
_aEsclaus I Propietaris D' Esclaus a la catalunya del segle XV : _bl'assegurança contra fugues / _cRoser Salicrú i Lluch. |
| 260 |
_aBarcelona : _bConsell Superior d'Investigacions Científiques, Institució Milá i Fontanals, _c1998. |
||
| 300 |
_a226 p. ; _c24 cm. |
||
| 490 | 1 |
_aAnuario de estudios medievales _aannex _v34 |
|
| 504 | _aBibliografía: p. 215-221 | ||
| 500 | _aIncluye referencias bibliográficas y notas al pie de las páginas. | ||
| 830 | 0 |
_aAnuario de estudios medievales _pannex _n34. _968143 |
|
| 999 |
_c40954 _d40954 |
||